Largest Cities in Scotland - Statistics

General Stats
  • This quiz has been taken 57 times
  • The average score is 14 of 30
Answer Stats
Answer % Correct
Aberdeen
100%
Edinburgh
100%
Inverness
98%
Glasgow
96%
Dundee
86%
Perth
78%
Stirling
76%
Ayr
60%
Kilmarnock
54%
Paisley
50%
Hamilton
48%
Dunfermline
46%
Falkirk
46%
Motherwell
44%
Dumfries
42%
Greenock
42%
East Kilbride
40%
Livingston
40%
Kirkcaldy
36%
Airdrie
32%
Clydebank
26%
Cumbernauld
26%
Glenrothes
24%
Coatbridge
18%
Irvine
18%
Bearsden
12%
Rutherglen
12%
Cambuslang
8%
Wishaw
8%
Newton Mearns
6%
No matching quizzes found
Score Distribution
Percent of People with Each Score
Percentile by Number Answered
Your Score History
You have not taken this quiz